00509nam a2200133 a 4500008004100000050002300041110004700064245014400111260003800255300001400293350000900307650001900316650004000335081117s1966 ||||||||||||||||| || u aGOV.ZAM(02)1966/1A aGovernment of the Republic of Zambia (GRZ)10aManpower report: a report and statistical handbook on manpower, education, training and Zambianisation 1965-6cIssued by the Cabinet Office aLusaka:bGovernment Printerc1966 a194p:ill. a0.00 aZAMBIANIZATION aHUMAN RESOURCES DEVELOPMENT--ZAMBIA